Lenguaje y pensamiento en la edad preescolar

Gespeichert in:
Bibliographische Detailangaben
1. Verfasser: Tourtet, L (VerfasserIn)
Format: Buch
Sprache:Spanisch
Veröffentlicht: Madrid Narcea 1974
Schriftenreihe:Educación hoy
Schlagworte:
Tags: Tag hinzufügen
Keine Tags, Fügen Sie den ersten Tag hinzu!

MARC

LEADER 00000nam a2200000 a 4500
001 UCY6377
003 CL-VaPUC
008 950526e19740000SP |||||||||||||||||spa|d
082 0 4 |a 153.42  |b TOU  |2 21 
100 0 |a Tourtet, L  |e author  |9 336285 
245 1 0 |a Lenguaje y pensamiento en la edad preescolar 
300 |a 152 p 
942 |c BK 
945 |d 19950526 00:00:00  |a mfernand 
260 |a Madrid  |b Narcea  |c 1974 
650 0 |a Pensamiento  |9 307612 
650 0 |a Lingüística  |9 265068 
650 0 |a Desarrollo del lenguaje   |9 311270 
650 0 |a Psicolingüística   |9 283371 
650 0 |a Comunicación   |9 257251 
650 0 |a Niños  |9 255605 
650 7 |a INVESTIGACION PSICOLOGICA  |2 CL-VaPUC  |9 309030 
583 |a last modification  |c 19950526 00:00:00  |k Rodrigo Vera 
490 0 |a Educación hoy 
999 |c 233943  |d 233941 
952 |0 0  |1 0  |4 0  |6 153_420000000000000_TOU_1974  |7 0  |8 P  |9 239801  |a BIBEDU  |b BIBEDU  |c BIBEDU_PB  |d 2019-11-18  |i 1511351  |o 153.42 TOU 1974  |p 1511351  |r 2024-01-25  |w 2019-11-18  |y BK  |k EDU